-
JAMES F. BALCH, M D. , PHYLLIS A. BALCH , C.N.C
Entry Personal Name
Number of records used in: 1
001 - CONTROL NUMBER
003 - CONTROL NUMBER IDENTIFIER
005 - DATE AND TIME OF LATEST TRANSACTION
- control field:
20230509124953.0
008 - FIXED-LENGTH DATA ELEMENTS
- fixed length control field:
230509|| aca||aabn | a|a d
040 ## - CATALOGING SOURCE
- Original cataloging agency:
JRU
- Transcribing agency:
JRU
100 ## - HEADING--PERSONAL NAME
- Personal name:
JAMES F. BALCH, M D. , PHYLLIS A. BALCH , C.N.C
670 ## - SOURCE DATA FOUND
- Source citation:
Work cat.: (JRU)8307: JAMES F. BALCH, M D. , PHYLLIS A. BALCH , C.N.C., A COMPREHENSIVE & UP-TO-DATE SELF -HELP APPROACH TO GOOD HEALTH PRESCRIPTION FOR NUTRITIONAL HEALING